Catalog

Record Details

Catalog Search



Zwischen Götter-dämmerung und Wiederauferstehung : Linksradikalismus im Wandel / Jochen Weichold

Weichold, Jochen (Author).

Record details

  • ISBN: 3-355-00492-8 (brož.)
  • Physical Description: 256 s. : il. ; 22 cm
  • Publisher: Berlin : Neues Leben, 1989

Content descriptions

Bibliography, etc. Note:
Obsahuje bibliografii a rejstřík

Available copies

  • 1 of 1 copy available at Common Catalog SPOK.

Holds

  • 0 current holds with 1 total copy.
Show All Copies
Location Call Number / Copy Notes Barcode Shelving Location Status Due Date
Terezin Initiative Institute 4911 4594304911 Knihovna ITI Available -

LDR 00820nam a22002531a 4500
00127669
003CZ-PrJAB
00520230206083806.0
008051010s1989 gw a gr 001 0 ger
020 . ‡a3-355-00492-8 (brož.)
035 . ‡a(CONS)2490
035 . ‡a(CZ PrSKC)gk77240803
040 . ‡aABA001 ‡bcze ‡cABA001 ‡dABA001
080 . ‡a329.7-055.4(4-15)(049.3)=30
080 . ‡a329.7-055.4(091)=30
1001 . ‡aWeichold, Jochen ‡4aut
24510. ‡aZwischen Götter-dämmerung und Wiederauferstehung : ‡bLinksradikalismus im Wandel / ‡cJochen Weichold
260 . ‡aBerlin : ‡bNeues Leben, ‡c1989
300 . ‡a256 s. : ‡bil. ; ‡c22 cm
4901 . ‡aKonkret ; ‡v89
504 . ‡aObsahuje bibliografii a rejstřík
830 0. ‡aKonkret
8524 . ‡bJACH-ITI ‡bJACH-ITI ‡cKnihovna ITI ‡j4911 ‡p4911 ‡y$0.00
910 . ‡aABE340 ‡b4911
995 . ‡askok
901 . ‡a27669 ‡bISxN ‡c27669 ‡tbiblio

Additional Resources